header

The Economist pocket world in figures (Record no. 133597)

MARC details
000 -LEADER
fixed length control field 01210nam a2200325Ia 4500
245 04 - TITLE STATEMENT
Title The Economist pocket world in figures
250 ## - EDITION STATEMENT
Edition statement 2011 ed.
260 ## - PUBLICATION, DISTRIBUTION, ETC. (IMPRINT)
Place of publication London, England :
Name of publisher Profile :
-- in association with The Economist Ltd.,
Year of publication 2010.
300 ## - PHYSICAL DESCRIPTION
Number of Pages 256 p.
650 #0 - SUBJECT ADDED ENTRY--TOPICAL TERM
Topical Term Economic indicators.
Topical Term Population
Topical Term Quality of life
Topical Term Social indicators.
Topical Term Statistics.
856 40 - ELECTRONIC LOCATION AND ACCESS
Uniform Resource Identifier http://site.ebrary.com/lib/rucke/Doc?id=10437737

No items available.

© 2026 Rongo University
Contact us: librarian | system librarian | Rongo university